1026 1360 1513 1143 1995 1860 1400 1254 1850 1656 1083 1874 1146 1319 1025 1950 1310 1660 1571 1562 1942 1867 1775 1929 1690 1771 1257 1994 1223 1862 1015 1300 1121 1148 1763 1258 1132 1046 1247 1531 1560 1710 1947 1219 1015 1420 1893 1356 1680 1707 1215 1147 1091 1254 1169 1275 1087 1546 1688 1204 1848 1735 1344 1755 1596 1467 1428 1158 1808 1857 1198 1706 1116 1319 1016 1508 1148 1605 1333 1518 1822 1741 1598 1768 1312 1382 1757 1796 1339 1679 1640 1220 1429 1282 1183 1692 1784 1254 1332 BCNSPRNW ULIB Ver.6.0+V

เปลี่ยนเป็นภาษาไทย

Change to English
 แสดงรายละเอียดบรรณานุกรม
  กลับหน้าหลัก

Brief Record : Get Marc (ISO 2709) : E-mail record : QR code < ปิดหน้าต่าง
LEADER : 00000nam 2200000uu 4500
001    13399121075
003     ULIB
008    120321s2552||||th 000 0 tha d
020    ^a9786110000130
090    ^aนว.^bอ991ม
100 0  ^aไอศิยา
245 00 ^aมนตราอธิฐาน/^cไอศิยา
250    ^aพิมพ์ครั้งที่ 1
260    ^aกรุงเทพฯ :^bพิมพ์คำ,^c2552
300    ^a264 หน้า
710 1  ^aพิมพ์คำ
945    ^p170^l0^i15910
995    ^aกัณชพร
999    ^aใช้งานได้ทุกระบบ
รายการนี้ยังไม่มีแท็ก
คุณยังไม่ได้ล็อกอิน คุณสามารถมีกิจกรรมร่วมกับเว็บไซต์ได้ แต่ต้องล็อกอินก่อน ::
  ล็อกอิน

รายการสื่อสารสนเทศ

ลำดับที่ ประเภท เลขเรียก/บาร์โค้ด สถานที่ สถานะ
1. นวนิยาย
นวนิยาย
นว. อ991ม  
  Barcode: 15910
ห้องสมุดวิทยาเขตสวรรค์ประชารักษ์
►นวนิยาย
บนชั้น
  ขอยืม

รายการใกล้เคียง
    ผู้แต่ง [ไอศิยา]

BibComment


ยังไม่เคยถูกคอมเมนท์

คอมเมนท์ทรัพยากรรายการนี้
  คอมเมนท์: มนตราอธิฐาน ไอศิยา


 Copyright 2026. Bcnsprnw @Library